header

Political economy of modern capitalism (Record no. 89037)

MARC details
000 -LEADER
fixed length control field 01524nam a2200385 a 4500
082 04 - DEWEY DECIMAL CLASSIFICATION NUMBER
Classification number 330.12/2
245 10 - TITLE STATEMENT
Title Political economy of modern capitalism
260 ## - PUBLICATION, DISTRIBUTION, ETC. (IMPRINT)
Place of publication London ;
-- Thousand Oaks, Calif. :
Name of publisher Sage,
Year of publication 1997.
300 ## - PHYSICAL DESCRIPTION
Number of Pages x, 212 p. :
Other physical details ill.
650 #0 - SUBJECT ADDED ENTRY--TOPICAL TERM
Topical Term Capitalism
Topical Term Liberalism
700 1# - ADDED ENTRY--PERSONAL NAME
Personal name Crouch, Colin,
Personal name Streeck, Wolfgang,
856 40 - ELECTRONIC LOCATION AND ACCESS
Uniform Resource Identifier http://site.ebrary.com/lib/rucke/Doc?id=10392784

No items available.

© 2026 Rongo University
Contact us: librarian | system librarian | Rongo university